000
00262nam a2200109Ia 4500
008
200302s9999 xx 000 0 und d
100
_a
Al0nzo Wass
245
_a
Building Consturction Estimating
260
_b
Prentice-Hall, Inc.
260
_c
1964
300
_a
227 P.,
999
_c
413
_d
413